00654nam a2200193Ia 4500008004100000020001800041082001800059100001500077245004300092250000600135260002500141300001600166500002400182650001000206942000700216952009800223952012200321999001700443230524s9999 xx 000 0 und d a9789351343493 a624.1821bDUG aS.K.Duggal 0aLimit State Design of Steel Structures a2 aNew DelhibTMHc2015 a"xvi,856p;" aQuantity Number: 2 aCivil cBK 00104070aTATCLbTATCLcGENd2023-05-24l0o624.1821 DUGp52951r2023-05-24w2023-05-24yBK 00104070aTATCLbTATCLcGENd2023-05-24l1o624.1821 DUGp52952q2016-09-15r2024-01-25s2024-01-25w2023-05-24yBK c55596d55596